000 00592 a2200181 4500
005 20190909073146.0
008 190614b1992 mx ||||| |||| 00| 0 spa d
020 _a9681323165
040 _aCO-BoUCM
_bspa
_cJuan Jose Mateus
_dJuan Jose Mateus
041 0 _aspa
100 1 0 _aGómez Sandoval, Fernando
_997296
245 1 0 _aTeoría del estado
_cFernando Gómez Sandoval
260 _c1992
_aMéxico
_bEditorial Diana
650 7 _925310
_aTeoría del estado
650 7 _9340
_aCiencia política
942 _cLIBRO
_2DEWEY
_a14
_e1
_h320.1
_mG633t
_n0
999 _c313413
_d313413